Fantômes de fiction - Statistiques

Statistiques générales
  • Ce quiz a été pris 22 fois
  • Le résultat moyen est 8 sur 32
Statistiques - réponses
Fantôme Univers % Correct
Roi Boo Mario
100%
Beetlejuice Beetlejuice
95%
Casper Casper
95%
Nick Quasi-Sans Tête Harry Potter
82%
Bouffe-Tout SOS Fantômes
50%
Brocélôme Pokémon
45%
Sam Wheat Ghost
36%
Roi des Morts Le Seigneur des Anneaux
36%
Negative Hollow One Piece
32%
Maria Robotnik Sonic The Hedgehog
32%
Zéro L'Etrange Noel de Monsieur Jack
27%
Blinky Pac-Man
27%
Super Ghost Kamikaze Dragon Ball Z
14%
Amidamaru Shaman King
14%
Malcolm Crowe Sixième Sens
14%
Whisper Yokai-Watch
14%
Romano Ghost Whisperer
9%
Johann Kraus Hellboy
9%
Spectre de Force Star Wars
9%
Dièse The Legend of Zelda
9%
Spectre de minuit The Witcher
9%
Esprit des Noëls futurs Un chant de Noël
9%
Banquo Macbeth
5%
Smile Mob Psycho 100
5%
LeChuck Monkey Island
5%
Spectra Vondergeist Monster High
5%
Gaster Undertale
5%
Spectral Ben 10
0%
Tobi Esprit fantômes
0%
Reis Fairy Tail: 100 Years Quest
0%
Akayashi Noragami
0%
Echo Supernatural
0%
Aucun quiz correspondant
Distribution des résultats
% des personnes avec chaque résultat
Percentile par nombre de réponses
Votre historique - résultats
Vous n’avez pas pris ce quiz